Die Monogrammisten (Record no. 5663)

MARC details
000 -CABECERA
campo de control de longitud fija 00894nam a2200265 a 4500
001 - NÚMERO DE CONTROL
campo de control BRCA_5974
005 - FECHA Y HORA DE LA ÚLTIMA TRANSACCIÓN
campo de control 20190320205301.0
008 - DATOS DE LONGITUD FIJA--INFORMACIÓN GENERAL
campo de control de longitud fija 250311s1863----gw-a######---#000-0#ger-#
041 ## - CÓDIGO DE LENGUA
Código de lengua del texto/banda sonora o título independiente ger
044 ## - CÓDIGO DEL PAÍS DE LA ENTIDAD EDITORA/PRODUCTORA
Código MARC del país gw
050 #4 - SIGNATURA TOPOGRÁFICA DE LA BIBLIOTECA DEL CONGRESO
Número de clasificación N45
Número de documento/Ítem .N34 1966
100 1# - ENTRADA PRINCIPAL--NOMBRE DE PERSONA
Nombre de persona Nagler, G. K.
Fechas asociadas al nombre 1801-1866
Forma completa/desarrollada del nombre (Georg Kaspar)
9 (RLIN) 15081
245 10 - MENCIÓN DE TÍTULO
Título Die Monogrammisten
Mención de responsabilidad, etc. von G. K. Nagler ; fortgesetzt von A. Andresen und C. Clauss.
260 ## - PUBLICACIÓN, DISTRIBUCIÓN, ETC.
Lugar de publicación, distribución, etc. Múnich
Nombre del editor, distribuidor, etc. G. Hirth´s Verlag
Fecha de publicación, distribución, etc. 1863
300 ## - DESCRIPCIÓN FÍSICA
Extensión 5 v. en 9
Otras características físicas il.
Dimensiones 23 cm.
500 ## - NOTA GENERAL
Nota general 5 volumenes en 9 libros
500 ## - NOTA GENERAL
Nota general G96
501 ## - NOTA DE "CON"
Nota de “Con” Contenido: v.1. Libro 1-2 A-CF. -- v.2. Libro 3-4 CF-GI. -- v.3. Libro 5-6 GK-IML. -- v.4. Libro 7-8 IML-SH. -- v.5. Libro 9 SJ-Z
650 14 - PUNTO DE ACCESO ADICIONAL DE MATERIA--TÉRMINO DE MATERIA
Término de materia o nombre geográfico como elemento de entrada Monogramas
9 (RLIN) 15082
650 14 - PUNTO DE ACCESO ADICIONAL DE MATERIA--TÉRMINO DE MATERIA
Término de materia o nombre geográfico como elemento de entrada Marcas de artistas
9 (RLIN) 15083
700 1# - PUNTO DE ACCESO ADICIONAL--NOMBRE DE PERSONA
Nombre de persona Andresen, Andreas
Fechas asociadas al nombre 1828-1871
9 (RLIN) 7215
700 1# - PUNTO DE ACCESO ADICIONAL--NOMBRE DE PERSONA
Nombre de persona Clauss, C.
Forma completa/desarrollada del nombre Carl
9 (RLIN) 15084
902 ## - CATALOGADOR
Iniciales GFM
942 ## - ELEMENTOS DE PUNTO DE ACCESO ADICIONAL (KOHA)
Fuente del sistema de clasificación o colocación Library of Congress Classification
Tipo de ítem Koha Libros
Holdings
Estado de retiro Estado de pérdida Estado dañado No para préstamo Localización permanente Ubicación/localización actual Fecha de adquisición Número de inventario Total de préstamos Signatura topográfica completa Código de barras Fecha visto por última vez Precio válido a partir de Tipo de ítem Koha
El ejemplar forma parte de la colección y puede ser consultado según las políticas vigentes.       Biblioteca del Museo Franz Mayer (Rogerio Casas-Alatriste) Biblioteca del Museo Franz Mayer (Rogerio Casas-Alatriste) 25/03/2011 G96   N45 .N34 1966 (G96) 6413 22/03/2019 22/03/2019 Libros